Stopy v dešti /
Beze jména. Bez tváře. Bez slitování. Další díl mrazivé série s Madison Harperovou.
Uloženo v:
| Série: | Madison Harperová,
část 8 |
|---|---|
| Hlavní autor: | |
| Další autoři: | |
| Médium: | Kniha |
| Jazyk: | Czech |
| Vydáno: |
Praha :
Kniha Zlín,
2026
|
| Vydání: | Vydání první |
| Témata: | |
| Celkem bylo vypůjčeno: | 0x |
| Příbuzné jednotky: | Z cyklu::
Madison Harperová |
| Tagy: |
Žádné tagy |
| LEADER | 02020nam a2200433 i 4500 | ||
|---|---|---|---|
| 001 | 106502 | ||
| 003 | CZ PrNK | ||
| 005 | 20260604173514.0 | ||
| 007 | ta | ||
| 008 | 260513s2026 xr g 000 f cze | ||
| 015 | |a cnb003756987 | ||
| 020 | |a 9788025911341 |q (vázáno) | ||
| 040 | |a ABG001 |b cze |e rda | ||
| 041 | 1 | |a cze |h eng | |
| 072 | 7 | |a 821.111 |x Anglická literatura, anglicky psaná |2 Konspekt |9 25 | |
| 080 | |a 821.111-31 |2 MRF | ||
| 080 | |a (0:82-312.4) |2 MRF | ||
| 100 | 1 | |a Dranfield, Wendy |7 xx0276894 |4 aut |9 113601 | |
| 240 | 1 | 0 | |a Crying girls. |l Česky |
| 245 | 1 | 0 | |a Stopy v dešti / |c Wendy Dranfield ; přeložila Jana Vlčková |
| 250 | |a Vydání první | ||
| 264 | 1 | |a Praha : |b Kniha Zlín, |c 2026 | |
| 300 | |a 359 stran ; |c 21 cm | ||
| 336 | |a text |b txt |2 rdacontent | ||
| 337 | |a bez média |b n |2 rdamedia | ||
| 338 | |a svazek |b nc |2 rdacarrier | ||
| 500 | |a Přeloženo z angličtiny | ||
| 520 | 2 | |a Beze jména. Bez tváře. Bez slitování. Další díl mrazivé série s Madison Harperovou. |b V kalných vodách Lost Creek je nalezeno bezhlavé tělo s děsivým vzkazem - červenou růží v hrdle. Madison Harperová řeší nejtěžší případ své kariéry. Současně pátrá po zmizelém chlapci a dívce z fotografie. Případy se začnou propojovat a Madison zjišťuje, že stojí proti zvrácenému pachateli. Začne boj s časem o záchranu dalších nevinných dřív, než bude pozdě. Nakladatelská anotace. | |
| 655 | 7 | |a anglické romány |7 fd131814 |2 czenas |9 53421 | |
| 655 | 7 | |a detektivní romány |7 fd132010 |2 czenas |9 53536 | |
| 655 | 9 | |a English fiction |2 eczenas | |
| 655 | 9 | |a detective novels |2 eczenas | |
| 700 | 1 | |a Vlčková, Jana, |d 1973- |7 mzk2003184700 |4 trl |9 21792 | |
| 710 | 2 | |a Nakladatelství Kniha Zlin |7 xx0231594 |4 pbl |9 117179 | |
| 787 | 0 | 8 | |i Z cyklu: |t Madison Harperová |g 8 |
| 910 | |a UOG502 | ||
| 942 | |2 ddc |c KN | ||
| 999 | |d 106502 | ||
| 993 | |0 0 |1 421180107222 |2 ddc |4 0 |7 0 |9 99946 |b 0 |c 107222 |d 2026-06-04 |e 0 |f DOSP |h 469.00 |i Koupě |l DOSP |r 2026-06-04 |t 6 |w 2026-06-04 |y KN |z KRIMI |n | ||